Dictionnaire n°7 - Statistiques

Statistiques générales
  • Ce quiz a été pris 140 fois
  • Le résultat moyen est 4 sur 10
Statistiques - réponses
Définitions Classe grammaticale Mots correspondants % Correct
Exercer l'activité d'acteur Verbe Jouer
92%
Homme qui combattait armé dans les jeux du cirque à Rome Nom Gladiateur
87%
Petite nappe de liquide Nom Flaque
60%
Offre à la vente par l'intermédiaire d'un support audiovisuel, de la télévision Nom Télé-achat
48%
Dont rien ne trouble la transparence Adjectif Limpide
27%
Donner des complexes, un sentiment d'infériorité à quelqu'un Verbe Complexer
25%
Exclamation de dépit Interjection Zut
22%
Acide dérivé de l'azote, très corrosif (HNO3) Adjectif Nitrique
18%
Qui peut ou non se produire Adjectif Eventuel
15%
Mettre en cause, accuser Verbe Incriminer
14%
Aucun quiz correspondant
Distribution des résultats
% des personnes avec chaque résultat
Percentile par nombre de réponses
Votre historique - résultats
Vous n’avez pas pris ce quiz